El regreso del hijo pródigo: meditaciones ante un cuadro de Rembrandt
Saved in:
| 主要作者: | |
|---|---|
| 格式: | 圖書 |
| 語言: | 西班牙语 |
| 出版: |
Madrid
PPC
1999
|
| 版: | 1a. ed |
| 叢編: | Colección Sauce
|
| 主題: | |
| 標簽: |
添加標簽
沒有標簽, 成為第一個標記此記錄!
|
MARC
| LEADER | 00000cam a2200000 a 4500 | ||
|---|---|---|---|
| 001 | UCE5070 | ||
| 003 | CL-VaPUC | ||
| 008 | 141127e19990200sp |||||||||||||||||spa|d | ||
| 020 | |a 9788428811514 | ||
| 082 | 0 | 4 | |a 226.8 |b NOU |2 21 |
| 100 | |a Nouwen, Henri Jozef Machiel |e autor |9 455949 | ||
| 245 | 1 | 3 | |a El regreso del hijo pródigo: meditaciones ante un cuadro de Rembrandt |
| 250 | |a 1a. ed | ||
| 300 | |a 159 p | ||
| 942 | |c BK | ||
| 945 | |d 20141127 16:34:00 |a arojas | ||
| 260 | |a Madrid |b PPC |c 1999 | ||
| 600 | 0 | |a Rembrandt, Harmenszoon van Rijn |9 331539 | |
| 650 | 0 | |a Parábolas |9 313604 | |
| 650 | 0 | |a Filosofía de la religión |9 256017 | |
| 650 | 0 | |a Pintura |9 265046 | |
| 650 | 0 | |a Interpretación crítica |9 323363 | |
| 583 | |a last modification |c 20141205 12:22:43 |k Rodrigo Vera | ||
| 490 | 0 | |a Colección Sauce | |
| 999 | |c 357893 |d 357891 | ||
| 952 | |0 0 |1 0 |3 erb |4 0 |6 226_800000000000000_NOU_1999 |7 0 |8 A |9 466033 |a BIBTEO |b BIBTEO |i 5127297 |o 226.8 NOU 1999 |p 5127297 |r 2025-01-17 |w 2019-11-23 |y BK |z Catalogado en:20141127 |k ICR | ||
| 952 | |0 0 |1 0 |3 erd |4 0 |6 226_800000000000000_NOU_1999 |7 0 |8 A |9 466034 |a BIBTEO |b BIBTEO |e Familia Cárdenas Lailhacar |i 5311144 |o 226.8 NOU 1999 |p 5311144 |r 2025-01-17 |w 2019-11-23 |y BK |z Catalogado en:20160526 |k ICR | ||